000 00483nam a22001577a 4500
003 OSt
005 20151001111305.0
008 151001b xxu||||| |||| 00| 0 eng d
040 _cRUA
082 _aAGR KEO 2004 B062 Or.1
100 _91669
_aKEO, CHENDA.
245 _aEffet du nombre de jeunes plantes pas touffe sur le rendement de riz ir 66 en syste`me e`cologoque de riziculture intensive.
260 _aphom phen
_bRUA
_c2004
300 _a49p.
_bill.
_c29cm.
942 _2ddc
_cAGR
999 _c1574
_d1574